ARRUPE JESUIT UNIVERSITY

CORONAVIRUS -STOP THE SPREAD - CLEAN,DISINFECT,COVER

Homo, Viator (Record no. 55518)

MARC details
000 -LEADER
fixed length control field 00512nam a2200217Ia 4500
003 - CONTROL NUMBER IDENTIFIER
control field 0100
008 - FIXED-LENGTH DATA ELEMENTS--GENERAL INFORMATION
fixed length control field 130303s9999 xx 000 0 und d
040 ## - CATALOGING SOURCE
Transcribing agency ARRUPELIB
050 ## - LIBRARY OF CONGRESS CALL NUMBER
Classification number B2430.M253H63 1951
300 ## - PHYSICAL DESCRIPTION
Other physical details 20cm.
100 ## - MAIN ENTRY--PERSONAL NAME
Personal name Marcel, Gabriel
245 ## - TITLE STATEMENT
Title Homo, Viator
245 ## - TITLE STATEMENT
Remainder of title introduction to a metaphysic of hope
260 ## - PUBLICATION, DISTRIBUTION, ETC. (IMPRINT)
Place of publication, distribution, etc Chicago
260 ## - PUBLICATION, DISTRIBUTION, ETC. (IMPRINT)
Name of publisher, distributor, etc Henry Regnery Company
260 ## - PUBLICATION, DISTRIBUTION, ETC. (IMPRINT)
-- 1951
300 ## - PHYSICAL DESCRIPTION
Extent 270p.
650 ## - SUBJECT ADDED ENTRY--TOPICAL TERM
Topical term following geographic name as entry element Aristotle
700 ## - ADDED ENTRY--PERSONAL NAME
Personal name Craufurd, Emma (tr.)
942 00 - ADDED ENTRY ELEMENTS (KOHA)
Koha issues (borrowed), all copies 1
Holdings
Withdrawn status Lost status Source of classification or shelving scheme Damaged status Not for loan Collection code Home library Current library Shelving location Date acquired Total Checkouts Full call number Barcode Date last seen Date checked out Copy number Price effective from Koha item type
    Library of Congress Classification     Main Collection ARRUPE LIBRARY ARRUPE LIBRARY   04/03/2013 4 B2430.M253H63 1951 46003011233 12/05/2017 11/01/2016 1 04/03/2013 Monograph ( Printed materials)
    Library of Congress Classification     Main Collection ARRUPE LIBRARY ARRUPE LIBRARY Main Collection 04/03/2013 12 B2430.M253H63 1951 46003011157 29/03/2019 05/03/2019 4 04/03/2013 Monograph ( Printed materials)
    Library of Congress Classification     Main Collection ARRUPE LIBRARY ARRUPE LIBRARY   04/03/2013 13 B2430.M253H63 1951 46003094864 10/04/2017 01/04/2017 5 04/03/2013 Monograph ( Printed materials)
    Library of Congress Classification     Main Collection ARRUPE LIBRARY ARRUPE LIBRARY   04/03/2013 16 B2430.M253H63 1951 46003089094 17/05/2018 07/05/2018 6 04/03/2013 Monograph ( Printed materials)
    Library of Congress Classification     Main Collection ARRUPE LIBRARY ARRUPE LIBRARY   04/03/2013 8 B2430.M253H63 1951 46003074827 24/04/2017 10/04/2017 7 04/03/2013 Monograph ( Printed materials)
    Library of Congress Classification     Main Collection ARRUPE LIBRARY ARRUPE LIBRARY Main Collection 04/03/2013 11 B2430.M253H63 1951 46003089001 02/12/2025 04/11/2025 8 04/03/2013 Monograph ( Printed materials)

 

Arrupe Library. PO Box MP320 Mt Pleasant, Harare, Zimbabwe
263 242 745411|librarian@aju.ac.zw